Statistiken für Städte in der Metropolregion Rhein-Neckar

Klicken Sie hier um das Quiz zu spielen!

Allgemein

  • Dieses Quiz wurde 262 mal gespielt
  • Das Durchschnittsergebnis liegt bei 6 aus 9

Antwortstatistiken

HintAntwort% Korrekt
325000Mannheim
100%
143000Heidelberg
96%
163000Ludwigshafen
91%
51000Speyer
61%
81000Worms
58%
43000Weinheim
49%
47000Frankenthal
43%
54000Neustadt an der Weinstraße
36%
44000Landau
32%

Verteilung der Resultate

Perzentil nach korrekt beantworteten Fragen

Anzahl Personen mit jedem Resultat

Ihre Resultats-Entwicklung

Sie haben dieses Quiz noch nicht gespielt